Maside (Record no. 100633)

MARC details
000 -LEADER
campo de control de longitud fija 00617nam a2200169 i 4500
001 - NÚMERO DE CONTROL
campo de control 100633
003 - IDENTIFICADOR DE NÚMERO DE CONTROL
campo de control ES-MaACL
005 - FECHA Y HORA DE LA ÚLTIMA TRANSACCIÓN
campo de control 20230906182719.0
007 - CAMPO FIJO DE DESCRIPCIÓN FÍSICA--INFORMACIÓN GENERAL
campo de control de longitud fija t|
008 - DATOS DE LONGITUD FIJA--INFORMACIÓN GENERAL
campo de control de longitud fija 051004s1979 sp ||||1| gao d
245 00 - MENCIÓN DEL TÍTULO
Título Maside
Resto del título : un pintor para unha terra /
Mención de responsabilidad, etc. [autores: Isaac Díaz Pardo... [et al.]; limiar: Pedro de Llano].
260 ## - PUBLICACIÓN, DISTRIBUCIÓN, ETC.
Lugar de publicación, distribución, etc. Santiago de Compostela :
Nombre del editor, distribuidor, etc. Colexio Oficial de Arquitectos de Galicia,
Fecha de publicación, distribución, etc. 1979.
300 ## - DESCRIPCIÓN FÍSICA
Extensión 219 p. con 31 lám. :
Otras características físicas il. ;
Dimensiones 21 cm.
700 1# - ENTRADA AGREGADA--NOMBRE PERSONAL
Nombre de persona Díaz Pardo, Isaac.
9 (RLIN) 44381
710 2# - ENTRADA AGREGADA--NOMBRE DE ENTIDAD CORPORATIVA
Nombre de entidad corporativa o nombre de jurisdicción como elemento de entrada Colegio Oficial de Arquitectos de Galicia.
9 (RLIN) 2957
852 ## - LOCALIZACIÓN
Ubicación ES-MaACL
Número de control de estantería A-10446
Sublocalización o colección R.99731
Holdings
Estatus retirado Estado de pérdida Estado de daño No para préstamo Biblioteca de origen Biblioteca actual Ubicación en estantería Fecha de adquisición Fuente de adquisición Total de préstamos Signatura topográfica completa Código de barras Visto por última vez Precio de reemplazo Tipo de ítem Koha
        Biblioteca del Ateneo de Madrid Biblioteca del Ateneo de Madrid Depósito 1 17/01/2008     A-10446 1105066 23/02/2023 23/02/2023 Libro impreso